Estadísticas para Estaciones de subte de Buenos Aires

Haz click aquí para intentar la prueba.

Estadísticas generales

  • Esta prueba ha sido intentada 1.009 veces
  • La puntuación promedio es 50 de 86

Estadísticas de respuestas

% Correcto
AConstitución
86%
ACongreso
84%
DCongreso de Tucumán
84%
CRetiro
84%
CConstitución
82%
APlaza Miserere
80%
DPalermo
77%
APlaza de Mayo
77%
DFacultad de Medicina
76%
BPueyrredón
76%
DPueyrredón
76%
D9 de julio
75%
DCatedral
73%
BCallao
72%
DCallao
72%
HCorrientes
71%
DPlaza Italia
71%
HHospitales
70%
HOnce
70%
BCarlos Gardel
67%
BJuan Manuel de Rosas
67%
ASan Pedrito
67%
HCórdoba
65%
ALima
65%
ASan José de Flores
65%
CGral. San Martín
64%
BLeandro N. Alem
64%
HSanta Fe
64%
DBulnes
63%
APerú
63%
DAgüero
61%
EIndependencia
61%
CIndependencia
61%
EBelgrano
60%
DJuramento
60%
DTribunales
60%
CDiagonal Norte
58%
CSan Juan
58%
ACarabobo
57%
BFlorida
57%
DScalabrini Ortiz
57%
BUruguay
57%
APuan
56%
HLas Heras
55%
DOlleros
55%
APiedras
55%
ARio de Janeiro
55%
AAcoyte
54%
BDe los Incas - Parque Chas
54%
BMalabia - Osvaldo Pugliese
54%
BMedrano
54%
DMinistro Carranza
54%
APasco
54%
BPasteur - AMIA
54%
APrimera Junta
54%
EBoedo
53%
BFederico Lacroze
53%
EJosé María Moreno
52%
BÁngel Gallardo
51%
DJosé Hernández
51%
AAlberti
50%
CAvenida de Mayo
50%
BCarlos Pellegrini
50%
CMoreno
49%
HParque Patricios
49%
EJujuy
48%
CLavalle
48%
EPlaza de los Virreyes
48%
BTronador - Villa Ortúzar
48%
ASáenz Peña
47%
HVenezuela
46%
EAvenida La Plata
45%
ESan José
45%
ACastro Barros
44%
BDorrego
44%
EBolívar
42%
EEntre Ríos
41%
EGral. Urquiza
41%
BEcheverría
39%
EMedalla Milagrosa
39%
HCaseros
36%
HHumberto I
36%
HInclán
36%
EPichincha
34%
EEmilio Mitre
33%
EVarela
26%

Distribución de puntuación

Porcentaje por número respondido

Porcentaje de gente con cada puntuación

Historial de tus puntuaciones

No has intentado esta prueba.